000 00750nam a2200217Ia 4500
003 GCL
008 140319s9999 xx 000 0 ara d
040 _aGCL /
_cGCL
082 0 4 _a363.73
_bز ت
100 1 _aزكريا طاحون
245 1 0 _aالتلوث خطر واسع الانتشار مع التعرض لمشكلة السحابة السوداء /
_cزكريا طاحون
260 _aالقاهرة :
_bالسحاب للنشر والتوزيع ،
_c2004
300 _a285 ص ؛
_c24 سم
650 0 4 _aتلوث البيئة
650 0 4 _aحماية البيئة
650 0 4 _aالتلوث
650 0 4 _aالتلوث الاشعاعى
650 0 4 _aالصحة الوقائية
650 0 4 _aالهواء - تلوث
942 _2ddc
_cBK
999 _c6008
_d6008